[Event "Stay Safe Play From Home 385"]
[Site "Emanuel Lasker Arena"]
[Date "2020.08.16"]
[Round "2"]
[White "Don59as"]
[Black "Stefanone"]
[Result "0-1"]
[WhiteElo "2090"]
[BlackElo "1967"]
[Annotator "NA"]
[PlyCount "100"]
[EventDate "2020.08.16"]
[EventType "swiss (blitz)"]

1. c4 {[%emt 0:00:02]} c6 {[%emt 0:00:01]} 2. Nc3 {[%emt 0:00:01]} d5 {[%emt 0:00:00]} 3. e3 {[%emt 0:00:00]} e6 {[%emt 0:00:01]} 4. b3 {[%emt 0:00:00]} f5 {[%emt 0:00:01]} 5. Bb2 {[%emt 0:00:00]} Nf6 {[%emt 0:00:01]} 6. Nf3 {[%emt 0:00:00]} Bd6 {[%emt 0:00:01]} 7. Be2 {[%emt 0:00:00]} Qe7 {[%emt 0:00:01]} 8. d4 {[%emt 0:00:00]} O-O {[%emt 0:00:01]} 9. Ne5 {[%emt 0:00:00]} Ne4 {[%emt 0:00:01]} 10. f4 {[%emt 0:00:01]} Qh4+ {[%emt 0:00:01]} 11. g3 {[%emt 0:00:02]} Nxg3 {[%emt 0:00:01]} 12. Nf3 {[%emt 0:00:02]} Qh6 {[%emt 0:00:02]} 13. hxg3 {[%emt 0:00:03]} Qxh1+ {[%emt 0:00:02]} 14. Kf2 {[%emt 0:00:00]} Qxd1 {[%emt 0:00:00]} 15. Rxd1 {[%emt 0:00:01]} Nd7 {[%emt 0:00:00]} 16. c5 {[%emt 0:00:01]} Bc7 {[%emt 0:00:01]} 17. Rh1 {[%emt 0:00:02]} g6 {[%emt 0:00:02]} 18. b4 {[%emt 0:00:01]} b6 {[%emt 0:00:01]} 19. a3 {[%emt 0:00:02]} bxc5 {[%emt 0:00:01]} 20. dxc5 {[%emt 0:00:00]} Bb7 {[%emt 0:00:01]} 21. Na4 {[%emt 0:00:01]} Rae8 {[%emt 0:00:01]} 22. Ng5 {[%emt 0:00:00]} Re7 {[%emt 0:00:02]} 23. Bd4 {[%emt 0:00:06]} e5 {[%emt 0:00:01]} 24. fxe5 {[%emt 0:00:01]} Nxe5 {[%emt 0:00:00]} 25. Bxe5 {[%emt 0:00:01]} Bxe5 {[%emt 0:00:01]} 26. Nf3 {[%emt 0:00:01]} Bf6 {[%emt 0:00:01]} 27. Bd3 {[%emt 0:00:02]} d4 {[%emt 0:00:01]} 28. exd4 {[%emt 0:00:03]} Rd8 {[%emt 0:00:03]} 29. Bc4+ {[%emt 0:00:00]} Kg7 {[%emt 0:00:01]} 30. Rd1 {[%emt 0:00:01]} Red7 {[%emt 0:00:01]} 31. Ke3 {[%emt 0:00:01]} h6 {[%emt 0:00:01]} 32. b5 {[%emt 0:00:02]} cxb5 {[%emt 0:00:01]} 33. Bxb5 {[%emt 0:00:00]} Re7+ {[%emt 0:00:01]} 34. Kf2 {[%emt 0:00:01]} Bxf3 {[%emt 0:00:01]} 35. Kxf3 {[%emt 0:00:01]} Re4 {[%emt 0:00:01]} 36. d5 {[%emt 0:00:02]} g5 {[%emt 0:00:03]} 37. c6 {[%emt 0:00:01]} g4+ {[%emt 0:00:01]} 38. Kf2 {[%emt 0:00:00]} Be5 {[%emt 0:00:02]} 39. Nc5 {[%emt 0:00:03]} Bd6 {[%emt 0:00:01]} 40. Nxe4 {[%emt 0:00:02]} fxe4 {[%emt 0:00:01]} 41. Ke3 {[%emt 0:00:00]} Re8 {[%emt 0:00:01]} 42. c7 {[%emt 0:00:01]} Rc8 {[%emt 0:00:00]} 43. Kxe4 {[%emt 0:00:02]} Bxa3 {[%emt 0:00:01]} 44. Bc6 {[%emt 0:00:00]} Bd6 {[%emt 0:00:01]} 45. Ra1 {[%emt 0:00:00]} Rxc7 {[%emt 0:00:01]} 46. Ra6 {[%emt 0:00:01]} Re7+ {[%emt 0:00:01]} 47. Kf5 {[%emt 0:00:00]} Bxg3 {[%emt 0:00:00]} 48. Kxg4 {[%emt 0:00:00]} Rf7 {[%emt 0:00:00]} 49. d6 {[%emt 0:00:01]} Bxd6 {[%emt 0:00:02]} 50. Bd5 {[%emt 0:00:02]} Be7 {[%emt 0:00:00] Time Time Time (Lag: Av=0.40s, max=1.0s) (Lag: Av=0.40s, max=1.0s) (Lag: Av=0.40s, max=1.0s)} 0-1

[Event "Stay Safe Play From Home 385"]
[Site "Emanuel Lasker Arena"]
[Date "2020.08.16"]
[Round "2"]
[White "Buzaglo"]
[Black "Dreamsoldier"]
[Result "0-1"]
[WhiteElo "1944"]
[BlackElo "1250"]
[Annotator "NA"]
[PlyCount "122"]
[EventDate "2020.08.16"]
[EventType "swiss (blitz)"]

1. d4 {[%emt 0:00:03]} Nf6 {[%emt 0:00:00]} 2. Nf3 {[%emt 0:00:01]} g6 {[%emt 0:00:00]} 3. g3 {[%emt 0:00:00]} Bg7 {[%emt 0:00:00]} 4. Bg2 {[%emt 0:00:00]} O-O {[%emt 0:00:00]} 5. O-O {[%emt 0:00:00]} d6 {[%emt 0:00:00]} 6. c4 {[%emt 0:00:00]} Nc6 {[%emt 0:00:00]} 7. Nc3 {[%emt 0:00:00]} Bg4 {[%emt 0:00:00]} 8. d5 {[%emt 0:00:00]} Bxf3 {[%emt 0:00:00]} 9. Bxf3 {[%emt 0:00:01]} Ne5 {[%emt 0:00:00]} 10. Bg2 {[%emt 0:00:01]} Nxc4 {[%emt 0:00:01]} 11. Qb3 {[%emt 0:00:02]} Nb6 {[%emt 0:00:00]} 12. Na4 {[%emt 0:00:01]} Nxa4 {[%emt 0:00:01]} 13. Qxa4 {[%emt 0:00:00]} b6 {[%emt 0:00:00]} 14. Qc6 {[%emt 0:00:01]} a5 {[%emt 0:00:00]} 15. Bg5 {[%emt 0:00:02]} Qd7 {[%emt 0:00:00]} 16. Qc2 {[%emt 0:00:02]} Qb5 {[%emt 0:00:02]} 17. Rac1 {[%emt 0:00:01]} Nxd5 {[%emt 0:00:01]} 18. Bxd5 {[%emt 0:00:03]} Qxd5 {[%emt 0:00:01]} 19. Qxc7 {[%emt 0:00:00]} Qxa2 {[%emt 0:00:01]} 20. Bxe7 {[%emt 0:00:02]} Qxb2 {[%emt 0:00:01]} 21. Bxf8 {[%emt 0:00:02]} Rxf8 {[%emt 0:00:00]} 22. Qxd6 {[%emt 0:00:02]} Be5 {[%emt 0:00:01]} 23. Qd5 {[%emt 0:00:02]} a4 {[%emt 0:00:01]} 24. f4 {[%emt 0:00:01]} Bg7 {[%emt 0:00:01]} 25. Rb1 {[%emt 0:00:02]} Qf6 {[%emt 0:00:01]} 26. Qb5 {[%emt 0:00:02]} Qf5 {[%emt 0:00:01]} 27. Qxf5 {[%emt 0:00:02]} gxf5 {[%emt 0:00:00]} 28. Rxb6 {[%emt 0:00:01]} Bd4+ {[%emt 0:00:00]} 29. Kg2 {[%emt 0:00:02]} Bxb6 {[%emt 0:00:00]} 30. Ra1 {[%emt 0:00:01]} Be3 {[%emt 0:00:01]} 31. Rxa4 {[%emt 0:00:02]} Re8 {[%emt 0:00:00]} 32. Ra5 {[%emt 0:00:01]} Bd4 {[%emt 0:00:04]} 33. Rxf5 {[%emt 0:00:01]} Rxe2+ {[%emt 0:00:01]} 34. Kf3 {[%emt 0:00:00]} Re3+ {[%emt 0:00:01]} 35. Kg4 {[%emt 0:00:02]} Re2 {[%emt 0:00:01]} 36. h4 {[%emt 0:00:00]} Kg7 {[%emt 0:00:01]} 37. Rg5+ {[%emt 0:00:00]} Kf8 {[%emt 0:00:02]} 38. Rd5 {[%emt 0:00:00]} Bf2 {[%emt 0:00:02]} 39. Rd8+ {[%emt 0:00:01]} Kg7 {[%emt 0:00:01]} 40. Rd3 {[%emt 0:00:00]} Re3 {[%emt 0:00:01]} 41. h5 {[%emt 0:00:00]} Rxd3 {[%emt 0:00:01]} 42. Kf5 {[%emt 0:00:01]} Rxg3 {[%emt 0:00:00]} 43. Ke4 {[%emt 0:00:01]} Kh6 {[%emt 0:00:00]} 44. f5 {[%emt 0:00:00]} Rg5 {[%emt 0:00:01]} 45. f6 {[%emt 0:00:01]} Rxh5 {[%emt 0:00:00]} 46. Kf3 {[%emt 0:00:03]} Rg5 {[%emt 0:00:00]} 47. Ke2 {[%emt 0:00:02]} Kg6 {[%emt 0:00:00]} 48. Kf1 {[%emt 0:00:00]} Kxf6 {[%emt 0:00:01]} 49. Ke2 {[%emt 0:00:00]} Bc5 {[%emt 0:00:01]} 50. Kf1 {[%emt 0:00:00]} Be7 {[%emt 0:00:00]} 51. Ke2 {[%emt 0:00:01]} Re5+ {[%emt 0:00:00]} 52. Kf3 {[%emt 0:00:00]} Rg5 {[%emt 0:00:00]} 53. Kf4 {[%emt 0:00:00]} h5 {[%emt 0:00:00]} 54. Kf3 {[%emt 0:00:00]} h4 {[%emt 0:00:00]} 55. Kf2 {[%emt 0:00:00]} h3 {[%emt 0:00:01]} 56. Kf3 {[%emt 0:00:00]} h2 {[%emt 0:00:00]} 57. Kf4 {[%emt 0:00:00]} h1=Q {[%emt 0:00:00]} 58. Ke3 {[%emt 0:00:00]} Qh4 {[%emt 0:00:00]} 59. Kd3 {[%emt 0:00:00]} Rg3+ {[%emt 0:00:00]} 60. Ke2 {[%emt 0:00:01]} Qh2+ {[%emt 0:00:00]} 61. Kf1 {[%emt 0:00:00]} Rg1# {[%emt 0:00:00] (Lag: Av=0.64s, max=1.6s) (Lag: Av=0.64s, max=1.6s) (Lag: Av=0.64s, max=1.6s)} 0-1

[Event "Stay Safe Play From Home 385"]
[Site "Emanuel Lasker Arena"]
[Date "2020.08.16"]
[Round "2"]
[White "Gibiz144"]
[Black "Grizzzly"]
[Result "0-1"]
[WhiteElo "1648"]
[BlackElo "1846"]
[Annotator "NA"]
[PlyCount "80"]
[EventDate "2020.08.16"]
[EventType "swiss (blitz)"]

1. d4 {[%emt 0:00:01]} d5 {[%emt 0:00:02]} 2. Bg5 {[%emt 0:00:01]} e6 {[%emt 0:00:00]} 3. Bxd8 {[%emt 0:00:02]} Kxd8 {[%emt 0:00:04]} 4. e4 {[%emt 0:00:02]} dxe4 {[%emt 0:00:01]} 5. Bc4 {[%emt 0:00:02]} Nf6 {[%emt 0:00:00]} 6. Ne2 {[%emt 0:00:02]} Bd6 {[%emt 0:00:00]} 7. c3 {[%emt 0:00:02]} Ke7 {[%emt 0:00:00]} 8. Qc2 {[%emt 0:00:01]} Rd8 {[%emt 0:00:00]} 9. Ng3 {[%emt 0:00:01]} e3 {[%emt 0:00:03]} 10. fxe3 {[%emt 0:00:02]} a6 {[%emt 0:00:01]} 11. O-O {[%emt 0:00:03]} b5 {[%emt 0:00:00]} 12. Bb3 {[%emt 0:00:01]} Bb7 {[%emt 0:00:00]} 13. Rf2 {[%emt 0:00:03]} Nbd7 {[%emt 0:00:00]} 14. Nd2 {[%emt 0:00:02]} c5 {[%emt 0:00:00]} 15. Raf1 {[%emt 0:00:02]} c4 {[%emt 0:00:02]} 16. Bxc4 {[%emt 0:00:03]} bxc4 {[%emt 0:00:00]} 17. Nxc4 {[%emt 0:00:01]} Rac8 {[%emt 0:00:00]} 18. Nxd6 {[%emt 0:00:01]} Kxd6 {[%emt 0:00:00]} 19. Qb3 {[%emt 0:00:02]} Bd5 {[%emt 0:00:02]} 20. Qc2 {[%emt 0:00:02]} Kc7 {[%emt 0:00:01]} 21. e4 {[%emt 0:00:01]} Bc4 {[%emt 0:00:02]} 22. Re1 {[%emt 0:00:02]} Nb6 {[%emt 0:00:02]} 23. e5 {[%emt 0:00:03]} Nfd5 {[%emt 0:00:01]} 24. Ne4 {[%emt 0:00:01]} Kb8 {[%emt 0:00:01]} 25. Nc5 {[%emt 0:00:01]} a5 {[%emt 0:00:02]} 26. b3 {[%emt 0:00:01]} Bb5 {[%emt 0:00:02]} 27. a4 {[%emt 0:00:01]} Bc6 {[%emt 0:00:01]} 28. c4 {[%emt 0:00:02]} Ne7 {[%emt 0:00:01]} 29. d5 {[%emt 0:00:01]} exd5 {[%emt 0:00:01]} 30. cxd5 {[%emt 0:00:01]} Rxd5 {[%emt 0:00:01]} 31. Qf5 {[%emt 0:00:02]} Bd7 {[%emt 0:00:03]} 32. Qxf7 {[%emt 0:00:02]} Rdxc5 {[%emt 0:00:03]} 33. Qxe7 {[%emt 0:00:01]} Rc1 {[%emt 0:00:02]} 34. Rxc1 {[%emt 0:00:02]} Rxc1+ {[%emt 0:00:01]} 35. Rf1 {[%emt 0:00:00]} Rxf1+ {[%emt 0:00:00]} 36. Kxf1 {[%emt 0:00:01]} Kc7 {[%emt 0:00:00]} 37. e6 {[%emt 0:00:01]} Kc6 {[%emt 0:00:03]} 38. exd7 {[%emt 0:00:01]} Nxd7 {[%emt 0:00:00]} 39. Qg5 {[%emt 0:00:01]} Nc5 {[%emt 0:00:00]} 40. Qxg7 {[%emt 0:00:00]} Nxb3 {[%emt 0:00:01] Zeit Zeit Zeit (Lag: Av=0.42s, max=0.5s) (Lag: Av=0.42s, max=0.5s) (Lag: Av=0.42s, max=0.5s)} 0-1

[Event "Stay Safe Play From Home 385"]
[Site "Emanuel Lasker Arena"]
[Date "2020.08.16"]
[Round "2"]
[White "Mamba2001de"]
[Black "SelamiSahin"]
[Result "0-1"]
[WhiteElo "1426"]
[BlackElo "2117"]
[Annotator "NA"]
[PlyCount "62"]
[EventDate "2020.08.16"]
[EventType "swiss (blitz)"]

{- Yarar, Atakan} 1. e4 {[%emt 0:00:01]} c6 {[%emt 0:00:00]} 2. Nf3 {[%emt 0:00:01]} d5 {[%emt 0:00:00]} 3. exd5 {[%emt 0:00:01]} cxd5 {[%emt 0:00:00]} 4. d4 {[%emt 0:00:01]} Nc6 {[%emt 0:00:00]} 5. Be2 {[%emt 0:00:01]} Bg4 {[%emt 0:00:00]} 6. Be3 {[%emt 0:00:01]} e6 {[%emt 0:00:00]} 7. O-O {[%emt 0:00:01]} Bd6 {[%emt 0:00:01]} 8. h3 {[%emt 0:00:01]} Bh5 {[%emt 0:00:00]} 9. Nbd2 {[%emt 0:00:01]} Qc7 {[%emt 0:00:01]} 10. c4 {[%emt 0:00:01]} Nge7 {[%emt 0:00:01]} 11. Rc1 {[%emt 0:00:01]} O-O {[%emt 0:00:02]} 12. cxd5 {[%emt 0:00:01]} Nxd5 {[%emt 0:00:01]} 13. Ne5 {[%emt 0:00:01]} Bxe2 {[%emt 0:00:01]} 14. Qxe2 {[%emt 0:00:01]} Bxe5 {[%emt 0:00:01]} 15. dxe5 {[%emt 0:00:01]} Qxe5 {[%emt 0:00:00]} 16. Nf3 {[%emt 0:00:02]} Qe4 {[%emt 0:00:04]} 17. Rfd1 {[%emt 0:00:02]} Nxe3 {[%emt 0:00:01]} 18. fxe3 {[%emt 0:00:01]} Rfd8 {[%emt 0:00:01]} 19. Rxd8+ {[%emt 0:00:01]} Rxd8 {[%emt 0:00:00]} 20. Ng5 {[%emt 0:00:02]} Qg6 {[%emt 0:00:04]} 21. Nf3 {[%emt 0:00:01]} Qe4 {[%emt 0:00:03]} 22. Rf1 {[%emt 0:00:01]} h6 {[%emt 0:00:01]} 23. h4 {[%emt 0:00:02]} Rd3 {[%emt 0:00:01]} 24. Re1 {[%emt 0:00:04]} a6 {[%emt 0:00:01]} 25. Nd2 {[%emt 0:00:02]} Qd5 {[%emt 0:00:02]} 26. e4 {[%emt 0:00:01]} Qd4+ {[%emt 0:00:03]} 27. Kf1 {[%emt 0:00:06]} Rxd2 {[%emt 0:00:01]} 28. Qf3 {[%emt 0:00:04]} Ne5 {[%emt 0:00:01]} 29. Qg3 {[%emt 0:00:06]} Ng4 {[%emt 0:00:02]} 30. h5 {[%emt 0:00:03]} Rxb2 {[%emt 0:00:04]} 31. e5 {[%emt 0:00:02]} Nh2+ {[%emt 0:00:03] Zeit Zeit Zeit (Lag: Av=0.48s, max=0.9s) (Lag: Av=0.48s, max=0.9s) (Lag: Av=0.48s, max=0.9s)} 0-1

[Event "Stay Safe Play From Home 385"]
[Site "Emanuel Lasker Arena"]
[Date "2020.08.16"]
[Round "2"]
[White "Gattopardo"]
[Black "Roefe Detlef"]
[Result "1-0"]
[WhiteElo "1120"]
[BlackElo "1653"]
[Annotator "NA"]
[PlyCount "55"]
[EventDate "2020.08.16"]
[EventType "swiss (blitz)"]

1. e4 {[%emt 0:00:03]} c5 {[%emt 0:00:02]} 2. Nf3 {[%emt 0:00:01]} Nc6 {[%emt 0:00:01]} 3. c3 {[%emt 0:00:01]} d5 {[%emt 0:00:02]} 4. e5 {[%emt 0:00:01]} Bg4 {[%emt 0:00:03]} 5. d4 {[%emt 0:00:01]} e6 {[%emt 0:00:01]} 6. Be2 {[%emt 0:00:01]} cxd4 {[%emt 0:00:01]} 7. cxd4 {[%emt 0:00:02]} Bxf3 {[%emt 0:00:01]} 8. Bxf3 {[%emt 0:00:02]} Bb4+ {[%emt 0:00:02]} 9. Nc3 {[%emt 0:00:02]} Nge7 {[%emt 0:00:03]} 10. O-O {[%emt 0:00:01]} Nf5 {[%emt 0:00:02]} 11. a3 {[%emt 0:00:01]} Bxc3 {[%emt 0:00:02]} 12. bxc3 {[%emt 0:00:01]} h5 {[%emt 0:00:01]} 13. Bxh5 {[%emt 0:00:04]} g6 {[%emt 0:00:03]} 14. Bg4 {[%emt 0:00:02]} Qh4 {[%emt 0:00:03]} 15. h3 {[%emt 0:00:04]} Nce7 {[%emt 0:00:05]} 16. Rb1 {[%emt 0:00:04]} b6 {[%emt 0:00:02]} 17. c4 {[%emt 0:00:02]} Kf8 {[%emt 0:00:02]} 18. c5 {[%emt 0:00:01]} bxc5 {[%emt 0:00:02]} 19. Rb7 {[%emt 0:00:02]} Kg7 {[%emt 0:00:02]} 20. Rxe7 {[%emt 0:00:01]} Nxe7 {[%emt 0:00:03]} 21. Qd3 {[%emt 0:00:06]} c4 {[%emt 0:00:03]} 22. Qg3 {[%emt 0:00:01]} Qxg3 {[%emt 0:00:01]} 23. fxg3 {[%emt 0:00:01]} Rab8 {[%emt 0:00:02]} 24. Bg5 {[%emt 0:00:02]} Ng8 {[%emt 0:00:04]} 25. Bf6+ {[%emt 0:00:02]} Nxf6 {[%emt 0:00:02]} 26. exf6+ {[%emt 0:00:01]} Kf8 {[%emt 0:00:02]} 27. Bf3 {[%emt 0:00:01]} Rb3 {[%emt 0:00:02]} 28. g4 {[%emt 0:00:02] Zeit Zeit Zeit} 1-0

[Event "Stay Safe Play From Home 385"]
[Site "Emanuel Lasker Arena"]
[Date "2020.08.16"]
[Round "3"]
[White "Tran Minh Thang"]
[Black "MihailoVujic"]
[Result "1/2-1/2"]
[WhiteElo "2484"]
[BlackElo "2274"]
[Annotator "TA"]
[PlyCount "78"]
[EventDate "2020.08.16"]
[EventType "swiss (blitz)"]

{[%evp 9,78,-28,-29,-27,-25,-81,-67,-73,-61,-60,0,-18,27,2,138,80,82,71,70,85,78,85,84,0,0,0,0,0,0,0,0,0,0,0,0,0,0,-24,-27,-94,-84,-96,-93,-130,-96,-230,-97,-155,-155,-157,-57,-57,-57,-140,0,0,0,0,0,0,0,0,0,0,0,0,0,0,0,0,0]} 1. d4 d5 2. Bf4 Nc6 3. e3 f6 4. c4 e5 5. dxe5 fxe5 {[#]} 6. Bg3 $146 {D00: 1 d4 d5: Unusual lines.} ({Predecessor:} 6. cxd5 exf4 7. dxc6 Qxd1+ 8. Kxd1 fxe3 9. cxb7 Bxb7 10. fxe3 O-O-O+ 11. Ke1 Nf6 12. Nc3 Ng4 13. e4 Bc5 14. Nh3 Ne3 15. Rc1 Rhf8 16. Nf2 Nxg2+ 17. Bxg2 Bxf2+ {0-1 (17) Levar,N (2315)-Jurkovic,H (2386) Kastav 2002}) 6... d4 7. Nf3 (7. a3 $11) 7... Bb4+ $17 8. Nbd2 {Black is slightly better.} dxe3 $1 9. fxe3 Bg4 (9... Nf6 $15 10. a3 Bc5) 10. Be2 Bxf3 (10... Nf6 {keeps more tension.} 11. a3 Bc5 12. Bf2 e4 13. Ng5 Bxe2 14. Qxe2 Qe7) 11. Bxf3 Qd3 (11... Qg5 $11 12. Bxc6+ bxc6) 12. Qe2 (12. Bxc6+ $142 $1 bxc6 13. Qh5+ {[%mdl 64] Double Attack} Kf8 14. O-O-O) 12... Bxd2+ 13. Qxd2 Qxd2+ 14. Kxd2 O-O-O+ 15. Kc3 Nf6 16. Bxc6 (16. Rad1 $16) 16... bxc6 $11 17. Bxe5 Ne4+ 18. Kb3 Rd3+ 19. Bc3 Nxc3 20. bxc3 Rxe3 {[%mdl 4096] Endgame KRR-KRR} 21. Rae1 Rhe8 22. Rxe3 Rxe3 {KR-KR} 23. Rf1 Re2 24. g3 (24. Rg1 $11 {keeps the balance.}) 24... Rxh2 $17 25. Rf7 g6 26. Rg7 Kb7 27. Kb4 (27. c5 $17) 27... Rh3 (27... Rxa2 $19 {and Black stays clearly on top.} 28. Rxh7 Rg2) 28. Kc5 (28. c5 $142) 28... Rh5+ 29. Kb4 {[#]} Rg5 (29... Kb6 $1 $17 30. Kb3 c5) 30. Rxh7 $15 Rxg3 31. Rg7 {[#]} (31. Rh8 $1 $15) 31... a5+ (31... Kb6 $1 $17 32. c5+ Kb7) 32. Kxa5 $11 {The position is equal.} Rxc3 33. Kb4 Rg3 34. a4 g5 35. a5 g4 36. Kc5 Ra3 37. Kb4 Rg3 38. Kc5 Ra3 39. Kb4 Rg3 {Accuracy: White = 62%, Black = 66%.} 1/2-1/2

[Event "Stay Safe Play From Home 385"]
[Site "Emanuel Lasker Arena"]
[Date "2020.08.16"]
[Round "3"]
[White "Mepe_Nika"]
[Black "Rogan"]
[Result "1-0"]
[WhiteElo "2310"]
[BlackElo "2227"]
[Annotator "RC"]
[PlyCount "71"]
[EventDate "2020.08.16"]
[EventType "swiss (blitz)"]

1. d4 {[%emt 0:00:01]} d5 {[%emt 0:00:01]} 2. Bf4 {[%emt 0:00:00]} c6 {[%emt 0:00:00]} 3. e3 {[%emt 0:00:01]} Qb6 {[%emt 0:00:01]} 4. Nd2 {[%emt 0:00:02]} Nf6 {[%emt 0:00:01]} 5. Rb1 {[%emt 0:00:01]} Bg4 {[%emt 0:00:01]} 6. Be2 {[%emt 0:00:01]} Bxe2 {[%emt 0:00:01]} 7. Nxe2 {[%emt 0:00:00]} Nbd7 {[%emt 0:00:01]} 8. O-O {[%emt 0:00:00]} Nh5 {[%emt 0:00:01]} 9. c4 {[%emt 0:00:03]} Nxf4 {[%emt 0:00:01]} 10. Nxf4 {[%emt 0:00:00]} e6 {[%emt 0:00:01]} 11. c5 {[%emt 0:00:01]} Qc7 {[%emt 0:00:01]} 12. b4 {[%emt 0:00:00]} e5 {[%emt 0:00:01]} 13. dxe5 {[%emt 0:00:00]} Nxe5 {[%emt 0:00:00]} 14. Nf3 {[%emt 0:00:01]} Be7 {[%emt 0:00:02]} 15. b5 {[%emt 0:00:04]} Bxc5 {[%emt 0:00:04]} 16. bxc6 {[%emt 0:00:01]} bxc6 {[%emt 0:00:01]} 17. Rc1 {[%emt 0:00:01]} Nxf3+ {[%emt 0:00:10]} 18. Qxf3 {[%emt 0:00:00]} Qe7 {[%emt 0:00:01]} 19. e4 {[%emt 0:00:08]} d4 {[%emt 0:00:05]} 20. Nd3 {[%emt 0:00:03]} Bd6 {[%emt 0:00:05]} 21. e5 {[%emt 0:00:02]} O-O {[%emt 0:00:10]} 22. exd6 {[%emt 0:00:02]} Qxd6 {[%emt 0:00:00]} 23. Rxc6 {[%emt 0:00:02]} Qa3 {[%emt 0:00:01]} 24. Rfc1 {[%emt 0:00:01]} Qxa2 {[%emt 0:00:01]} 25. h4 {[%emt 0:00:00]} Rae8 {[%emt 0:00:01]} 26. Rc7 {[%emt 0:00:05]} Re2 {[%emt 0:00:02]} 27. Nb4 {[%emt 0:00:02]} Qd2 {[%emt 0:00:01]} 28. Nd5 {[%emt 0:00:06]} Re1+ {[%emt 0:00:01]} 29. Rxe1 {[%emt 0:00:04]} Qxe1+ {[%emt 0:00:00]} 30. Kh2 {[%emt 0:00:00]} Qe5+ {[%emt 0:00:01]} 31. g3 {[%emt 0:00:00]} d3 {[%emt 0:00:01]} 32. Kg2 {[%emt 0:00:01]} d2 {[%emt 0:00:01]} 33. Rd7 {[%emt 0:00:01]} Qe1 {[%emt 0:00:00]} 34. Ne7+ {[%emt 0:00:01]} Qxe7 {[%emt 0:00:01]} 35. Rxe7 {[%emt 0:00:01]} d1=Q {[%emt 0:00:01]} 36. Qxd1 {[%emt 0:00:00] (Lag: Av=1.09s, max=1.3s) (Lag: Av=1.09s, max=1.3s) (Lag: Av=1.09s, max=1.3s)} 1-0

[Event "Stay Safe Play From Home 385"]
[Site "Emanuel Lasker Arena"]
[Date "2020.08.16"]
[Round "3"]
[White "SelamiSahin"]
[Black "Gattopardo"]
[Result "1-0"]
[WhiteElo "2118"]
[BlackElo "1153"]
[Annotator "TA"]
[PlyCount "71"]
[EventDate "2020.08.16"]
[EventType "swiss (blitz)"]

{[%evp 9,71,56,79,16,27,26,85,16,54,71,59,14,103,68,58,38,137,53,221,105,114,108,108,97,205,208,201,214,200,-108,266,257,260,238,223,187,306,253,493,484,467,472,514,398,379,394,532,517,512,464,574,531,605,581,647,619,770,594,785,701,799,780,747,627]} 1. d4 d5 2. c4 dxc4 3. Nc3 e6 4. e4 Be7 5. Bxc4 Nf6 6. Nge2 {D20: Queen's Gambit Accepted: 3 e3 and 3 e4.} (6. Bf4 $16) 6... O-O 7. O-O b6 (7... c5 $11 {keeps the balance.}) 8. Be3 {[#]} ({White should try} 8. Nf4 $16) 8... Ba6 $146 ({Predecessor:} 8... Bb7 9. f3 Nbd7 10. Nf4 e5 11. Nd3 exd4 12. Bxd4 h6 13. e5 Nh7 {1-0 (46) Methmani,N (1623)-Sanudula,K (1364) Nugegoda 2019}) 9. Bxa6 Nxa6 10. Qd3 Nb8 (10... Nb4 $11 {remains equal.} 11. Qd2 c5) 11. Rac1 c5 12. Rfd1 $36 {[%mdl 2048] Threatens to win with e5. White fights for an advantage.} cxd4 (12... Nc6 $14) 13. Bxd4 (13. Nxd4 $16 {Black must now prevent e5.} Ng4 14. e5 {[%mdl 64] Decoy} Nxe5 15. Qe4 {[%mdl 64] Double Attack}) 13... Bc5 $2 {[#]} (13... Nc6 $14) 14. Bxc5 (14. e5 $18 Nd5 15. Bxc5 bxc5 16. Nxd5 Qxd5 17. Qxd5 exd5 18. Rxc5 (18. Rxd5 Nc6 $18)) 14... Qxd3 $16 15. Rxd3 bxc5 16. e5 Nd5 (16... Nfd7 $16 {keeps fighting.}) 17. Nxd5 $18 exd5 18. Rxc5 Na6 19. Rcxd5 $2 {[#]} ({Better is} 19. Rcc3 $18) 19... h6 $2 {[%mdl 8192] White now steadily converts the win.} (19... Nb4 $17 {keeps the pressure on.} 20. Nf4 Nxd3 21. Rxd3 Rab8) 20. a3 Nc7 21. Rd7 Ne6 {Threatening ...Nc5.} 22. b4 Rac8 (22... a5 $142 23. f4 axb4) 23. g3 Ng5 $2 (23... a5 24. Nc3 Ra8) 24. f4 Ne4 25. Kg2 f5 26. exf6 Nxf6 27. Rxa7 Rf7 28. Rxf7 {White is clearly winning.} Kxf7 {[%mdl 4096] Endgame KRN-KRN} 29. Kf3 Kg6 30. h3 Kh7 31. g4 Ne8 32. Nd4 Nc7 33. Nf5 Nb5 34. Rd7 Rc3+ 35. Ke4 Rc4+ 36. Kd5 {Accuracy: White = 46%, Black = 20%.} 1-0

[Event "Stay Safe Play From Home 385"]
[Site "Emanuel Lasker Arena"]
[Date "2020.08.16"]
[Round "3"]
[White "Lazieri3"]
[Black "Stefanone"]
[Result "1/2-1/2"]
[WhiteElo "2102"]
[BlackElo "1990"]
[Annotator "TA"]
[PlyCount "50"]
[EventDate "2020.08.16"]
[EventType "swiss (blitz)"]

{[%evp 10,50,33,-27,14,-20,-2,-58,-42,-177,-156,-711,-110,-246,-217,-512,-12,-28,62,61,68,39,43,20,29,10,18,14,62,51,58,18,65,55,77,0,126,0,65,0,0,0,62]} 1. e3 d6 2. d4 f5 3. c4 Nf6 4. Nc3 g6 5. Nf3 Bg7 6. Bd3 (6. b4 $14) 6... O-O {A85: Dutch Defence: 2 c4 Nf6 3 Nc3.} (6... e5 $5 {[%cal Re5e4]} 7. Be2 (7. dxe5 dxe5 8. Be2 Qxd1+ 9. Bxd1 e4 $15) 7... e4 $11) 7. Qc2 Nc6 {[#]} 8. b3 $146 (8. Be2 $11) ({Predecessor:} 8. O-O Nb4 9. Qd1 Nxd3 10. Qxd3 c6 11. b3 Qc7 12. Bb2 e5 13. dxe5 dxe5 14. Qe2 {0-1 (67) Siffert,A (1887)-Boulos,C (2147) Europe Chess INT 2020}) 8... e5 $15 {[#] Threatens to win with ...Nb4.Black is slightly better.} 9. dxe5 (9. Be2 $1 $15) 9... dxe5 {And now ...Nb4 would win.} 10. e4 $2 (10. c5 $17) 10... Nd4 $2 (10... Nb4 $19 {is more deadly.} 11. O-O Nxc2 12. Bxc2 fxe4 13. Nxe4 Nxe4 14. Bxe4 c6) 11. Nxd4 (11. Qd2 $17) 11... exd4 $19 12. Nd5 $2 {[#]} (12. e5 {was forced.} dxc3 13. exf6 Re8+ 14. Be3 Qxf6 15. g3) 12... Nxd5 $2 ({Black should try} 12... fxe4 $19 13. Nxf6+ Qxf6) 13. exd5 $11 Qf6 (13... Re8+ $11 14. Kf1 c6) 14. O-O $14 f4 15. f3 Bf5 16. Bxf5 Qxf5 17. Qxf5 Rxf5 18. Bb2 d3 19. Bxg7 Kxg7 {[%mdl 4096] Endgame KRR-KRR} 20. Rad1 Re5 21. Rxd3 Re2 22. Rf2 Re1+ $1 23. Rf1 Re2 24. Rf2 Re1+ $1 25. Rf1 Re2 {Accuracy: White = 27%, Black = 45%.} 1/2-1/2